| Поле | Инд. | ПП | Название | Значение |
|---|---|---|---|---|
| Тип записи | a | |||
| Библиографический уровень | b | |||
| 001 | Контрольный номер | RU/IS/BASE/289571225 | ||
| 005 | Дата корректировки | 20200529173533.4 | ||
| 008 | Кодируемые данные | 20090305 | ||
| 040 | b | Код языка каталог. | rus | |
| e | Правила каталог. | PSBO | ||
| 041 | 0_ | a | Код языка текста | rus |
| 084 | a | Индекс другой классификации/Индекс ББК | 83.3(4Вел)5-004 | |
| 100 | 1_ | a | Автор | Павшок Л. М. |
| 245 | 10 | a | Заглавие | Проблема познания в творчестве А. Теннисона |
| 504 | a | Библиография | Библиогр.: с. 61 | |
| 600 | 14 | a | Персоналии | Теннисон Алфред |
| a | Персоналии | Браунинг Роберт | ||
| 650 | 04 | a | Основная рубрика | история литературы |
| a | Основная рубрика | литературоведение | ||
| a | Основная рубрика | филологические науки | ||
| 653 | 0_ | a | Ключевые слова | "Два голоса" |
| a | Ключевые слова | "Локсли-Холл" | ||
| a | Ключевые слова | "Улисс" | ||
| a | Ключевые слова | XIX век | ||
| a | Ключевые слова | Великобритания | ||
| a | Ключевые слова | знание | ||
| a | Ключевые слова | поэзия | ||
| a | Ключевые слова | романтизм | ||
| a | Ключевые слова | стихотворения | ||
| a | Ключевые слова | философия литературы | ||
| 773 | 08 | t | Заглавие источника | Вестник Московского университета. Серия 9, Филология |
| d | Дата издания источника | 2008 | ||
| g | Прочая информация | № 2. - С. 54 - 61 | ||
| w | Контрольный № источника | RU/IS/BASE/286474537 | ||
| 901 | t | Тип документа | b |